| 000 | 00596nam a2200169Ia 4500 | ||
|---|---|---|---|
| 999 |
_c26 _d26 |
||
| 008 | 190719s9999||||xx |||||||||||||| ||und|| | ||
| 020 |
_a9789280142112 _c£ 40.00 |
||
| 040 | _aKO | ||
| 082 | 0 | 4 |
_a623.88 _bIn858 _223 |
| 110 | _aInternational Maritime Organization | ||
| 245 | 0 |
_aIMO Standard Marine Communication Phrases (SMCP) / _cInternational Maritime Organization |
|
| 260 |
_aLondon : _bInternational Maritime Organization , _c2005 |
||
| 300 |
_axiv, 128 p. ; _c 21 cm + _e1 CD-ROM |
||
| 650 |
_aLanguages, Modern _vConversation and phrase books (for sailors) |
||
| 942 |
_2ddc _cBK |
||